|
|
|
|
| LEADER |
01289nam a2200301 i 4500 |
| 001 |
c000148500 |
| 003 |
CARM |
| 005 |
00000000000000.0 |
| 008 |
800423s1980 enk b 00110 eng |
| 019 |
1 |
|
|a 1719008
|5 LACONCORD2021
|
| 020 |
|
|
|a 0521230004
|
| 035 |
|
|
|a (OCoLC)6304813
|5 LACONCORD2021
|
| 040 |
|
|
|d NNCU
|
| 050 |
0 |
0 |
|a HB3711
|b .M353
|
| 082 |
1 |
|
|a 338.5/42/01
|2 19
|
| 100 |
1 |
|
|a Mandel, Ernest,
|d 1923-
|
| 245 |
1 |
0 |
|a Long waves of capitalist development :
|b the Marxist interpretation : based on the Marshall lectures given at the University of Cambridge, 1978 /
|c Ernest Mandel.
|
| 260 |
|
|
|a Cambridge [Eng.] ;
|a New York :
|b Cambridge University Press ;
|a Paris :
|b Editions de la Maison des sciences de l'homme,
|c 1980.
|
| 300 |
|
|
|a viii, 151 p. :
|b ill. ;
|c 20 cm.
|
| 490 |
1 |
|
|a Studies in modern capitalism = Etudes sur le capitalisme moderne
|
| 504 |
|
|
|a Includes bibliographical references and index.
|
| 650 |
|
0 |
|a Business cycles.
|
| 650 |
|
0 |
|a Capitalism.
|
| 650 |
|
0 |
|a Marxian economics.
|
| 830 |
|
0 |
|a Studies in modern capitalism
|
| 852 |
8 |
|
|b CARM
|h A2:AJ02G0
|i A02254
|p 0124957
|f BK
|
| 999 |
f |
f |
|i 5218a141-bd36-58c9-a62a-d22bd7e00b7c
|s 9f81c3d9-c08b-5e55-a61d-ed8f494d9bc1
|
| 952 |
f |
f |
|p Can circulate
|a CAVAL
|b CAVAL
|c CAVAL
|d CARM 1 Store
|e A02254
|f A2:AJ02G0
|h Other scheme
|i book
|m 0124957
|